Statystyki dla Wszyscy członkowie NATO.

Kliknij tutaj aby rozwiązać quiz!

Ogólne statystyki

  • Ten quiz został rozwiązany 94 razy
  • Średni wynik to 27 z 30

Statystyki odpowiedzi

HintOdpowiedź% Poprawnych
Dołączenie:1999Polska
100%
założycielFrancja
99%
założycielWielka Brytania
99%
Dołączenie:1982Hiszpania
97%
Dołączenie:1955Niemcy
97%
założycielStany Zjednoczone
97%
Dołączenie:1999Czechy
94%
Dołączenie:2004Litwa
93%
Dołączenie:2004Słowacja
93%
założycielKanada
92%
Dołączenie:2004Łotwa
92%
założycielNorwegia
92%
założycielWłochy
92%
Dołączenie:2004Estonia
90%
założycielHolandia
90%
założycielPortugalia
90%
Dołączenie:1999Węgry
90%
założycielBelgia
88%
Dołączenie:1952Grecja
88%
Dołączenie:2004Słowenia
88%
założycielDania
87%
Dołączenie:2004Rumunia
87%
Dołączenie:1952Turcja
86%
Dołączenie:2004Bułgaria
85%
Dołączenie:2009Chorwacja
85%
założycielLuksemburg
83%
założycielIslandia
79%
Dołączenie:2009Albania
76%
Dołączenie:2020Macedonia północna
73%
Dołączenie:2017Czarnogóra
69%

Rozkład punktacji

Percentyl według liczby udzielonych odpowiedzi

Procent ludzi z każdym wynikiem

Twoja historia wyników

Nie rozwiązałeś tego quizu